| 000 | 00663nam a2200205Ia 4500 | ||
|---|---|---|---|
| 001 | 3081 | ||
| 003 | GE_BSU | ||
| 008 | 181216s||||||||xx |||||||||||||| ||und|| | ||
| 040 | _cGE_BSU | ||
| 080 | _a622.245.1 | ||
| 100 | _aГайворонский,А.А. | ||
| 245 | _aРасчет и технология крепления нефтяных и газовых скважин. | ||
| 245 | _cРед.из-ва Г.П.Щульга. | ||
| 260 | _aМ. | ||
| 260 | _bНедра. | ||
| 260 | _c1969. | ||
| 300 | _a336стр.22см. | ||
| 653 | _aРасчет и технология крепления нефтяных и газовых скважин. | ||
| 942 | _cBK | ||
| 999 |
_c37125 _d37125 |
||